Los silencios quebrados de San Lorenzo / (Record no. 1580)
[ view plain ]
| 000 -CABECERA | |
|---|---|
| campo de control de longitud fija | 00718cam a2200217 a 4500 |
| 001 - NÚMERO DE CONTROL | |
| campo de control | 000001699 |
| 005 - FECHA Y HORA DE LA ÚLTIMA TRANSACCIÓN | |
| campo de control | 20200929145652.0 |
| 008 - DATOS DE LONGITUD FIJA--INFORMACIÓN GENERAL | |
| campo de control de longitud fija | 000327s1999 cu a b 000 0dspa c |
| 020 ## - NÚMERO INTERNACIONAL ESTÁNDAR DEL LIBRO | |
| Número Internacional Estándar del Libro | 9590901395 |
| 040 ## - FUENTE DE LA CATALOGACIÓN | |
| Centro catalogador/agencia de origen | DO-SdBNP |
| Centro/agencia transcriptor | FUG |
| Centro/agencia modificador | DLC |
| 082 ## - NÚMERO DE LA CLASIFICACIÓN DECIMAL DEWEY | |
| Número de clasificación | 922.7291 |
| Número de documento/Ítem | C422A |
| 100 1# - ENTRADA PRINCIPAL--NOMBRE DE PERSONA | |
| Nombre de persona | Acosta de Arriba, Rafael, |
| Fechas asociadas al nombre | 1953- |
| 9 (RLIN) | 5529 |
| 245 14 - MENCIÓN DE TÍTULO | |
| Título | Los silencios quebrados de San Lorenzo / |
| Mención de responsabilidad, etc. | Rafael Acosta de Arriba. |
| 260 ## - PUBLICACIÓN, DISTRIBUCIÓN, ETC. | |
| Lugar de publicación, distribución, etc. | Cuba : |
| Nombre del editor, distribuidor, etc. | Editorial José Martí, |
| Fecha de publicación, distribución, etc. | 1999. |
| 300 ## - DESCRIPCIÓN FÍSICA | |
| Extensión | 217 p. ; |
| Dimensiones | 18 cm. |
| 504 ## - NOTA DE BIBLIOGRAFÍA, ETC. | |
| Nota de bibliografía, etc. | Incluye referencias bibliográficas. |
| 600 14 - PUNTO DE ACCESO ADICIONAL DE MATERIA--NOMBRE DE PERSONA | |
| Nombre de persona | CÉSPEDES, CARLOS MANUEL DE, |
| Fechas asociadas al nombre | 1819-1874 |
| 9 (RLIN) | 5530 |
| 651 #4 - PUNTO DE ACCESO ADICIONAL DE MATERIA--NOMBRE GEOGRÁFICO | |
| Nombre geográfico | Cuba |
| Subdivisión general | Historia |
| Subdivisión cronológica | REVOLUCIÓN, 1868-1878. |
| 9 (RLIN) | 5531 |
| 910 ## - DATOS DE OPCIÓN DEL USUARIO (OCLC) | |
| Datos de opción del usuario | Catalogación por copia / LC |
| 910 ## - DATOS DE OPCIÓN DEL USUARIO (OCLC) | |
| Datos de opción del usuario | WM |
| Estado de retiro | Estado de pérdida | Restricciones de uso | No para préstamo | Código de colección | Localización permanente | Ubicación/localización actual | Ubicación en estantería | Fecha de adquisición | Número de inventario | Total de préstamos | Signatura topográfica completa | Código de barras | Fecha visto por última vez | Precio válido a partir de | Tipo de ítem Koha |
|---|---|---|---|---|---|---|---|---|---|---|---|---|---|---|---|
| Préstamo interno | Monografías: Libros y Folletos | General | General | Depósito | 15.08.2009 | LF1 | 922.7291 C422A | 1699-10 | 25.06.2020 | 25.06.2020 | Préstamo interno |
